| 000 | 00661nam a2200217 u 4500 | ||
|---|---|---|---|
| 005 | 20240913063806.0 | ||
| 008 | 071031s2005 r 000 0 eng d | ||
| 020 | _a8434409186 | ||
| 035 | _aUPN01000153308 | ||
| 049 | _aCG | ||
| 050 | 4 |
_aHV9076 _bM4.4 |
|
| 100 | 1 | _aMirón Redondo, Lourdes | |
| 245 | 1 | 0 |
_aJóvenes delincuentes / _cLourdes Mirón Redondo, José Manuel Otero López. |
| 260 |
_aBarcelona, Esp. : _bAriel, _c2005. |
||
| 300 |
_a307 p. : _bil. |
||
| 440 | 0 | _aAriel psicología | |
| 650 | 4 |
_aDelincuencia juvenil _99217 |
|
| 650 | 0 |
_aDelincuentes juveniles _912195 |
|
| 700 | 1 |
_aOtero-López, José Manuel, _ecoaut. _939951 |
|
| 905 | _aLibro | ||
| 999 |
_c125429 _d125429 |
||